000 00461nam a2200181Ia 4500
001 11079
005 20260306161919.0
008 260306t2016||||xx |||||||||||||| ||spa||
041 _aESP
082 _a985.004
_bP27
100 _aPásara, Luis
_eAUT
245 0 _a¿Que país es este?:
_bcontrapuntos en torno al Perú y los peruanos
260 _c2016
300 _a496 páginas :
_c24 cm.
650 _aGEN
654 _aCHU
942 _cLIB
_dJUS
_fJUS
_2ddc
_n
999 _c11079
_d11079